|
|
|
|
| LEADER |
00000cam a22000004a 4500 |
| 001 |
musev2_80935 |
| 003 |
MdBmJHUP |
| 005 |
20230905052320.0 |
| 006 |
m o d |
| 007 |
cr||||||||nn|n |
| 008 |
130717s2012 inu o 00 0 eng d |
| 020 |
|
|
|a 9781575065885
|
| 035 |
|
|
|a (OCoLC)1273305829
|
| 040 |
|
|
|a MdBmJHUP
|c MdBmJHUP
|
| 245 |
1 |
0 |
|a Ugarit at Seventy-Five /
|c edited by K. Lawson Younger, Jr.
|
| 264 |
|
1 |
|a Winona Lake, Indiana :
|b Eisenbrauns,
|c 2007.
|
| 264 |
|
3 |
|a Baltimore, Md. :
|b Project MUSE,
|c 2021
|
| 264 |
|
4 |
|c ©2007.
|
| 300 |
|
|
|a 1 online resource (200 pages):
|b il., map. ;
|
| 336 |
|
|
|a text
|b txt
|2 rdacontent
|
| 337 |
|
|
|a computer
|b c
|2 rdamedia
|
| 338 |
|
|
|a online resource
|b cr
|2 rdacarrier
|
| 500 |
|
|
|a Ponencies presentades al simposi "Ugarit at Seventy-Five" celebrat a la Trinity International University, Deerfield, Illinois, del 18 al 20 de febrer de 2005.
|
| 505 |
0 |
|
|a Recent study of Israelite religion in light of the Ugaritic texts / Mark S. Smith -- Preliminary presentation of a new Ugaritic song to At̲tartu (RIH 98/02) / D. Pardee -- The religious role of the king in Ugarit / Nicolas Wyatt -- Just how many monsters did Anat fight (KTU 1.3 III 38-47)? / Wayne T. Pitard -- Ugarit and the Bible : new data from the house of Urtenu / Pierre Bordreuil -- Ugarit : the kingdom and the city -- urban features / Yves Calvet -- Arrowheads from Iron Age I : personal names and authenticity / Richard S. Hess -- The Late Bronze Age/Iron Age transition and the origins of the Arameans / K. Lawson Younger Jr.
|
| 588 |
|
|
|a Description based on print version record.
|
| 650 |
|
7 |
|a Literatura ugarítica.
|2 thub
|
| 650 |
|
4 |
|a Literatura ugarítica
|x Història i crítica.
|
| 651 |
|
7 |
|a Ugarit (Ciutat antiga)
|2 thub
|
| 651 |
|
4 |
|a Ugarit (Ciutat antiga)
|x Congressos.
|
| 655 |
|
7 |
|a Congressos.
|2 thub
|
| 655 |
|
7 |
|a Electronic books.
|2 local
|
| 700 |
1 |
|
|a Younger, K. Lawson.
|
| 710 |
2 |
|
|a Project Muse.
|e distributor
|
| 830 |
|
0 |
|a Book collections on Project MUSE.
|
| 856 |
4 |
0 |
|z Texto completo
|u https://projectmuse.uam.elogim.com/book/80935/
|
| 945 |
|
|
|a Project MUSE - Custom Collection
|